Estudio de prefactibilidad para la crianza y comercialización de pollos en el Sistema Penitenciario Nacional La Modelo ubicado en el municipio de Tipitapa

Presenta estudio de prefactibilidad para la creación de un proyecto que se dedique a la crianza y comercialización de pollos, dicho proyecto formará parte del Centro Nacional de Producción del Sistema Penitenciario Nacional. Muestra un proceso productivo semiartesanal de la granja y estará divi...

Full description

Bibliographic Details
Main Authors: Castro Espinosa, Yoanka Pada, Castellón Estrada, Rosa Elena
Other Authors: Tutor: Zúñiga Morales, Gonzalo de Jesús
Format: Tesis Section = Libro
Language:Undetermined
Spanish
Published: Managua UNI 2006
Subjects:
LEADER 02077nam a2200289Ia 4500
008 240830s9999 xx 000 0 und d
040 |a BIBLIOTECA-RUPAP Mon 636.5 C355 
041 |a spa 
082 |a Mon 636.5 C355 
100 1 |a Castro Espinosa, Yoanka Pada 
100 1 |b Castellón Estrada, Rosa Elena 
245 1 0 |a Estudio de prefactibilidad para la crianza y comercialización de pollos en el Sistema Penitenciario Nacional La Modelo ubicado en el municipio de Tipitapa 
260 |a Managua  |b UNI  |c 2006 
300 |a 205 p. :il. 
502 |a Tesis (Ingeniero de Sistemas)- UNI, 2006. 
520 3 |a Presenta estudio de prefactibilidad para la creación de un proyecto que se dedique a la crianza y comercialización de pollos, dicho proyecto formará parte del Centro Nacional de Producción del Sistema Penitenciario Nacional. Muestra un proceso productivo semiartesanal de la granja y estará dividido en tres etapas: 1. Preparación de galeras que tiene una duración de una semana y se ejecuta antes de la llegada de los pollos. 2. Proceso de recibimiento y engorde, tendrá una duración promedio de 8 semanas. 3. Proceso de matanza. Determina (i) la existencia de un mercado para la crianza y comercialización de pollos en el municipio de Tipitapa (ii) requerimientos técnicos y operativos necesarios para su funcionamiento óptimo. Evalúa (i) rentabilidad financiera de la creación de la granja de pollos del Sistema Penitenciario (ii) rentabilidad económica del proyecto (iii) impactos ambientales ocasionados en su área de influencia; Diseña un prototipo conceptual del sistema de control de la planificación avícola. 
650 7 |a CRÍAS DE AVES - POLLOS - SISTEMA PENITENCIARIO 
650 7 |b  ESTUDIO DE MERCADO 
650 7 |c  ANÁLISIS FODA 
650 7 |d  COSTOS DE PRODUCCIÓN 
650 7 |e  ESTUDIO DE IMPACTO AMBIENTAL 
650 7 |f  CONTROL DE PRODUCCIÓN AVÍCOLA 
650 7 |g  COMERCIALIZACIÓN. 
700 1 |a Tutor:  |b Zúñiga Morales, Gonzalo de Jesús  
942 |c BK  |2 ddc 
991 |a TESIS 
999 |c 16800